| 000 | 00829nam a2200253Ia 4500 | ||
|---|---|---|---|
| 005 | 20220316235928.0 | ||
| 008 | 141017s2008 mx a gr 000 0 spa | ||
| 020 | _a9681846877 | ||
| 041 | 0 | _aspa | |
| 082 | 0 | 4 |
_a523.0724 _bV15a |
| 100 | 1 | _aVanCleve, Janice Pratt | |
| 245 | 1 | 0 |
_aAstronomía para niños y jóvenes _cJanice Pratt VanCleave _b101 experimentos superdivertidos |
| 250 | _aPrimera edición | ||
| 300 |
_a250 páginas _bilustraciones _c21 cm |
||
| 650 | 1 | 4 |
_aAstronomía _xEstudio y enseñanza _2LEMB |
| 650 | 1 | 4 |
_aEspacio exterior _2LEMB |
| 650 | 1 | 4 |
_aExperimentación científica _2LEMB |
| 942 |
_2ddc _cBK |
||
| 264 |
_aMéxico _bNoriega _c2008 |
||
| 336 |
_atexto _btxt _2rdacontent |
||
| 337 |
_asin mediación _bn _2rdamedia |
||
| 338 |
_avolumen _bnc _2rdacarrier |
||
| 040 |
_aCO-BoRNBP _bspa _erda _cCO-BoRNBP |
||
| 999 |
_c2624 _d2624 |
||